[Event "O pohár města Říčany 2017"]
[Site "Kulturni centrum Labut, 17. Listopadu 214 25101 Ricany"]
[Date "2017.08.27"]
[Round "3.6"]
[White "Skalsky, Alexandr"]
[Black "Svatos, Jan"]
[Result "1-0"]
[WhiteElo "2105"]
[BlackElo "2310"]
[PlyCount "0"]
[EventDate "2017.08.26"]

1. e4 c6 2. d4 d5 3. e5 Bf5 4. Nf3 e6 5. Be2 c5 6. Be3 Ne7 7. dxc5 Nd7 8. c4
dxc4 9. O-O Nc6 10. Bxc4 Bg4 11. Be2 Bxc5 12. Bxc5 Nxc5 13. Nbd2 O-O 14. Qc2 Qe7
15. Rac1 Nd7 16. Qe4 Bf5 17. Qe3 Nb6 18. Nc4 Nd5 19. Qb3 Nf4 20. Rfe1 Bg4
21. Bf1 Rfd8 22. Re4 Bxf3 23. Qxf3 Ng6 24. Qg3 Rd5 25. f4 Qc5+ 26. Qe3 Rad8
27. Nd6 Qxe3+ 28. Rxe3 R8xd6 29. exd6 Nxf4 30. g3 Ng6 31. Bg2 Rxd6 32. Bxc6 bxc6
33. Ra3 Ne5 34. Rxa7 g6 35. Rc2 Kg7 36. a4 Nf3+ 37. Kf2 Nxh2 38. a5 Ng4+ 39. Ke1
1-0

[Event "O pohár města Říčany 2017"]
[Site "Kulturni centrum Labut, 17. Listopadu 214 25101 Ricany"]
[Date "2017.08.27"]
[Round "3.7"]
[White "Skacel, Jan"]
[Black "Hollan, Martin"]
[Result "0-1"]
[WhiteElo "1991"]
[BlackElo "2233"]
[PlyCount "0"]
[EventDate "2017.08.26"]

1. c4 Nf6 2. Nc3 c5 3. Nf3 Nc6 4. d4 cxd4 5. Nxd4 e6 6. Nc2 Bc5 7. e3 d5
8. cxd5 exd5 9. Be2 O-O 10. O-O Be6 11. a3 Qe7 12. Nd4 Rac8 13. Nxc6 bxc6
14. Qa4 Rfd8 15. Ba6 Rc7 16. Qh4 {dale necitelne} 0-1

[Event "O pohár města Říčany 2017"]
[Site "Kulturni centrum Labut, 17. Listopadu 214 25101 Ricany"]
[Date "2017.08.27"]
[Round "3.8"]
[White "Gregor, Jiri"]
[Black "Nehyba, Martin"]
[Result "1-0"]
[WhiteElo "2210"]
[BlackElo "1875"]
[PlyCount "0"]
[EventDate "2017.08.26"]

1. d4 d5 2. Nf3 c6 3. c4 Nf6 4. Nc3 e6 5. Bg5 h6 6. Bxf6 Qxf6 7. e3 Nd7 8. a3
Nb6 9. b3 g6 10. Bd3 Bg7 11. O-O O-O 12. Ne5 Nd7 13. f4 Nxe5 14. fxe5 Qg5
15. Rf3 b6 16. Qe2 c5 17. Raf1 Bb7 18. cxd5 Bxd5 19. Be4 Rad8 20. Bxd5 exd5
21. b4 Qe7 22. bxc5 bxc5 23. Qa6 cxd4 24. exd4 Rb8 25. Nxd5 Qd7 26. Qc6 Rbd8
27. Qxd7 Rxd7 28. Nf6+ Bxf6 29. Rxf6 Rxd4 30. e6 Re4 31. exf7+ Kg7 32. Ra6 Rxf7
33. Rxf7+ Kxf7 34. Rxa7+ Kf8 35. Kf2 Rc4 36. h3 Rc3 37. Ra5 g5 38. a4 Ra3
39. Rd5 Kg7 40. Kg1 Kg6 41. Kf1 Kh5 42. Kg1 Kh4 43. Rb5 Kh5 44. Rb6 Kh4 45. Kh2
h5 46. Rh6 g4 47. hxg4 Kxg4 48. Rg6+ Kf5 49. Ra6 Kg4 50. Ra8 Rd3 51. Kh1 Rd2
52. Kh2 h4 53. a5 1-0

[Event "O pohĂˇr mÄ›sta ĹĂ­ÄŤany 2017"]
[Site "Kulturni centrum Labut, 17. Listopadu 214 25101 Ricany"]
[Date "2017.08.27"]
[Round "3.9"]
[White "Mladek, Richard"]
[Black "Janacek, Jaroslav"]
[Result "1-0"]
[WhiteElo "2160"]
[BlackElo "2019"]
[PlyCount "0"]
[EventDate "2017.08.26"]

1. e4 d6 2. d4 Nf6 3. Nc3 g6 4. Be3 c6 5. Qd2 b5 6. f3 Nbd7 7. O-O-O Nb6 8. Bh6
b4 9. Nb1 Bxh6 10. Qxh6 Be6 11. b3 a5 12. Ne2 Qc7 13. Nf4 a4 14. Rd2 Ra5 15. Nd3
c5 16. e5 Nfd5 17. exd6 exd6 18. Qg7 Rf8 19. dxc5 dxc5 20. Nb2 axb3 21. cxb3
Rxa2 22. Bb5+ Ke7 23. Re1 Qd6 24. Nc4 Nxc4 25. Rxa2 Qf4+ 26. Nd2 Na3 27. Rxe6+
Kxe6 28. Qxf8 Qxh2 29. Qe8+ Ne7 30. Bd7+ Kf6 31. Qh8+ Kg5 32. Ne4+ Kf4 33. Qb8+
1-0

[Event "O pohár města Říčany 2017"]
[Site "Kulturni centrum Labut, 17. Listopadu 214 25101 Ricany"]
[Date "2017.08.27"]
[Round "3.10"]
[White "Rastocny, Josef"]
[Black "Hrdina, Robin"]
[Result "1/2-1/2"]
[WhiteElo "2008"]
[BlackElo "2151"]
[PlyCount "0"]
[EventDate "2017.08.26"]

1. d4 Nf6 2. c4 e6 3. Nf3 b6 4. g3 Bb7 5. Bg2 Bb4+ 6. Bd2 Be7 7. Nc3 O-O 8. O-O
d6 9. Qc2 c5 10. dxc5 bxc5 11. e4 Nc6 12. Rad1 Nd4 13. Qd3 e5 14. Bg5 Nd7
15. Bxe7 Qxe7 16. Nd5 Bxd5 17. cxd5 Rab8 18. b3 Qd8 19. Bh3 Nxf3+ 20. Qxf3 Nf6
21. Qe2 Rb4 22. Bg2 a5 23. Rfe1 a4 24. bxa4 Qa5 25. f4 Re8 26. Rb1 h6 27. Rxb4
Qxb4 28. fxe5 Rxe5 29. Qd1 Nxd5 30. Rf1 Nc3 31. Qxd6 Qd4+ 32. Qxd4 cxd4 33. Rf5
Re7 34. Rc5 Nxa4 35. Rc4 Nc3 36. Kf2 Ra7 37. Rxd4 Rxa2+ 38. Kf3 Ne2 39. Rd1 Nc3
40. Rd4 1/2-1/2

[Event "O pohár města Říčany 2017"]
[Site "Kulturni centrum Labut, 17. Listopadu 214 25101 Ricany"]
[Date "2017.08.27"]
[Round "3.11"]
[White "Petr, Jakub"]
[Black "Matys, Jakub"]
[Result "1-0"]
[WhiteElo "2046"]
[BlackElo "1727"]
[PlyCount "0"]
[EventDate "2017.08.26"]

1. e4 c5 2. Nf3 d6 3. d4 cxd4 4. Nxd4 Nf6 5. Nc3 a6 6. Bg5 e5 7. Nf5 Bxf5
8. Bxf6 Qxf6 9. Nd5 Qd8 10. exf5 Nc6 11. Bc4 b5 12. Bb3 Nd4 13. O-O Be7 14. c3
Nxb3 15. Qxb3 O-O 16. Rad1 Re8 17. Qb4 Bf8 18. Qg4 f6 19. Rd3 Ra7 20. Rh3 Kh8
21. Qg6 h6 22. Rxh6+ gxh6 23. Nxf6 Qxf6 24. Qxf6+ Bg7 25. Qxd6 Rf8 26. f6 1-0

[Event "O pohĂˇr mÄ›sta ĹĂ­ÄŤany 2017"]
[Site "Kulturni centrum Labut, 17. Listopadu 214 25101 Ricany"]
[Date "2017.08.27"]
[Round "3.12"]
[White "Skokan, Frantisek"]
[Black "Skalicky, Tomas"]
[Result "0-1"]
[WhiteElo "1933"]
[BlackElo "2165"]
[PlyCount "0"]
[EventDate "2017.08.26"]

1. d4 Nf6 2. c4 e6 3. g3 c5 4. Nf3 cxd4 5. Nxd4 Qb6 6. Bg2 Bc5 7. e3 Nc6
8. Nxc6 bxc6 9. O-O d5 10. Nc3 Be7 11. cxd5 exd5 12. Qc2 O-O 13. b3 Be6 14. Bb2
Rac8 15. Rfd1 Rfd8 16. Na4 Qb5 17. Bf1 Qa5 18. Rac1 Bg4 19. Re1 Ne4 20. a3 Ng5
21. Bg2 Qc7 22. Nc5 Bxc5 23. Qxc5 Qd7 24. Qd4 f6 25. h4 Nf3+ 26. Bxf3 Bxf3
27. Qf4 Be4 28. f3 Bg6 29. Rc5 Rb8 30. b4 Bd3 31. Rd1 Be2 32. Rd2 Bb5 33. Kh2
Qe6 34. Bd4 Ra8 35. Rc3 Re8 36. g4 a5 37. Bc5 axb4 38. Bxb4 Rad8 39. Bc5 Qe5
40. Qxe5 fxe5 41. Kg3 Kf7 42. f4 exf4+ 43. Kxf4 Re4+ 44. Kg3 Ke6 45. Rf2 Rc4
46. Rfc2 Rd7 47. Rc1 Rf7 48. Bd4 Kd6 49. Rxc4 dxc4 50. Bc3 Kd5 51. Rd1+ Ke4
52. Bd4 Ba4 53. Rd2 Rd7 54. Rb2 Bb3 55. Kf2 Kd3 56. Ke1 Rb7 57. Rd2+ Ke4 58. Ke2
c5 59. Bc3 Ra7 60. Bb2 g6 61. Rd8 c3 62. Bxc3 Bc4+ 63. Kd2 Rxa3 64. Re8+ Kf3
65. Re7 Ra2+ 66. Kc1 Bd3 67. Bd2 Ke2 0-1

[Event "O pohár města Říčany 2017"]
[Site "Kulturni centrum Labut, 17. Listopadu 214 25101 Ricany"]
[Date "2017.08.27"]
[Round "3.13"]
[White "Kulhanek, Tomas"]
[Black "Korsa, Jiri"]
[Result "1-0"]
[WhiteElo "2324"]
[BlackElo "1820"]
[PlyCount "0"]
[EventDate "2017.08.26"]

1. e4 e5 2. Nc3 Nc6 3. Bc4 Nf6 4. d3 Bc5 5. f4 exf4 6. Nf3 d6 7. Bxf4 Bg4
8. Na4 Nh5 9. Bg5 f6 10. Nxc5 fxg5 11. Be6 Bxf3 12. Qxf3 Nf4 13. Bd7+ Ke7
14. Bxc6 bxc6 15. Nb3 Qd7 16. g3 Ng6 17. O-O-O g4 18. Qe3 Rhf8 19. e5 Kf7
20. e6+ Qxe6 21. Rhf1+ Ke7 22. Qg5+ Kd7 23. Nd4 Rxf1 24. Nxe6 Rxd1+ 25. Kxd1
Kxe6 26. Qxg4+ Ke7 27. h4 Rf8 28. d4 Rf7 29. Qc8 Rf6 30. c3 Nf8 31. Qa6 1-0

[Event "O pohár města Říčany 2017"]
[Site "Kulturni centrum Labut, 17. Listopadu 214 25101 Ricany"]
[Date "2017.08.27"]
[Round "3.14"]
[White "Kylar, Miroslav"]
[Black "Krivanek, Vladimir"]
[Result "0-1"]
[WhiteElo "1899"]
[BlackElo "2107"]
[PlyCount "0"]
[EventDate "2017.08.26"]

1. d4 e6 2. Bf4 Nf6 3. e3 b6 4. c4 Bb7 5. Nc3 d6 6. Nf3 Be7 7. h3 Nbd7 8. Be2
Ne4 9. Nxe4 Bxe4 10. Bd3 Bg6 11. Bxg6 hxg6 12. Qa4 g5 13. Bh2 g6 14. Qc6 Kf8
15. O-O-O Kg7 16. Kb1 a5 17. e4 Rc8 18. e5 d5 19. cxd5 Nb8 20. Qb5 Qxd5 21. Qxd5
exd5 22. Rc1 c5 23. dxc5 bxc5 24. Rhd1 Rhd8 25. Bg3 Nc6 26. h4 gxh4 27. Nxh4 Nd4
28. Rd2 Ne6 29. f4 Rh8 30. Nf3 d4 31. Rc4 Rh1+ 32. Kc2 Rb8 33. b3 Rbh8 34. Rd1
Rxd1 35. Kxd1 Nc7 36. Ke2 Nd5 37. Rc2 Ne3 38. Rc1 Nxg2 39. f5 gxf5 40. Rg1 Ne3
41. Bf4+ Ng4 42. Nh2 Rh4 43. Bg3 Rh6 44. Nxg4 fxg4 45. Be1 Rh2+ 46. Kd3 Rxa2
47. Rxg4+ Kf8 48. Rf4 Ke8 49. Bh4 a4 50. bxa4 Rxa4 51. Bxe7 Kxe7 52. Rf6 Ra3+
53. Kd2 Re3 54. Rc6 Rxe5 55. Kd3 Re3+ 56. Kc4 Rc3+ 57. Kd5 d3 58. Rc7+ Kf6
59. Rc6+ Kf5 60. Rd6 c4 0-1

[Event "O pohĂˇr mÄ›sta ĹĂ­ÄŤany 2017"]
[Site "Kulturni centrum Labut, 17. Listopadu 214 25101 Ricany"]
[Date "2017.08.27"]
[Round "3.15"]
[White "Zvolensky, David"]
[Black "Slovak, Kilian"]
[Result "0-1"]
[WhiteElo "1894"]
[BlackElo "2101"]
[PlyCount "0"]
[EventDate "2017.08.26"]

1. e4 c5 2. Nf3 Nc6 3. Bd3 g6 4. c3 Bg7 5. O-O d6 6. Bc2 Nf6 7. h3 O-O 8. d4
cxd4 9. cxd4 d5 10. e5 Ne4 11. Nc3 Nxc3 12. bxc3 Bd7 13. Bb3 e6 14. Bg5 f6
15. exf6 Bxf6 16. Bxf6 Rxf6 17. c4 dxc4 18. Bxc4 Na5 19. Be2 Bc6 20. Qd2 Bd5
21. Ne5 Nc6 22. Nxc6 Bxc6 23. Bc4 Qd6 24. Qe3 Rd8 25. Rfe1 Qxd4 26. Qxd4 Rxd4
27. Rxe6 Kg7 28. Rxf6 Kxf6 29. Rc1 Rd2 30. Re1 h5 31. Bb3 a5 32. g4 hxg4
33. hxg4 a4 34. Bc4 Kg5 35. Be6 Kf4 36. Rc1 g5 37. Kf1 Bf3 38. Rb1 Rd1+ 39. Rxd1
Bxd1 40. Bd7 a3 41. Bb5 Bb3 0-1

[Event "O pohĂˇr mÄ›sta ĹĂ­ÄŤany 2017"]
[Site "Kulturni centrum Labut, 17. Listopadu 214 25101 Ricany"]
[Date "2017.08.27"]
[Round "3.16"]
[White "Ludvik, Tomas"]
[Black "Grecny, Karol"]
[Result "1-0"]
[WhiteElo "2095"]
[BlackElo "1926"]
[PlyCount "0"]
[EventDate "2017.08.26"]

1. d4 e6 2. c4 Nf6 3. Nc3 Bb4 4. e3 O-O 5. Bd3 d6 6. Ne2 e5 7. O-O Nc6 8. d5
Ne7 9. e4 a5 10. a3 Bxc3 11. Nxc3 Ng6 12. g3 h6 13. Bd2 Bh3 14. Re1 Re8 15. Qe2
Qc8 16. b4 Nh7 17. c5 axb4 18. axb4 Rxa1 19. Rxa1 Bg4 20. f3 Bd7 21. Rc1 Qd8
22. Nb5 Ng5 23. h4 Nh3+ 24. Kg2 Nxh4+ 25. gxh4 Qxh4 26. Rh1 Nf4+ 27. Bxf4 Qxf4
28. cxd6 c6 29. Nc7 Rd8 30. dxc6 Bxc6 31. b5 Bd7 32. Bc4 Qf6 33. Qd2 Bc8 34. Nd5
Qxd6 35. Qa5 Be6 36. Rd1 Bxd5 37. Rxd5 Qg6+ 38. Kf2 Rxd5 39. Bxd5 Qh5 40. Qd8+
Kh7 41. Kg2 Qg6+ 42. Kf2 Qh5 43. Ke3 Qh2 44. Kd3 Qf2 45. Kc4 Qd4+ 46. Kb3 Qe3+
47. Kc2 Qc5+ 48. Kd1 Qg1+ 49. Ke2 Qg2+ 50. Kd3 Qf1+ 51. Kc3 Qc1+ 52. Kb4 Qd2+
53. Kc5 Qc3+ 54. Kb6 Qc5+ 1-0

[Event "O pohĂˇr mÄ›sta ĹĂ­ÄŤany 2017"]
[Site "Kulturni centrum Labut, 17. Listopadu 214 25101 Ricany"]
[Date "2017.08.27"]
[Round "3.17"]
[White "Stanek, Ondrej"]
[Black "Steiner, Juraj"]
[Result "1-0"]
[WhiteElo "1885"]
[BlackElo "2022"]
[PlyCount "0"]
[EventDate "2017.08.26"]

1. e4 e6 2. d4 d5 3. Nc3 dxe4 4. Nxe4 Nd7 5. Nf3 Ngf6 6. Bg5 h6 7. Bxf6 Nxf6
8. Bd3 Nxe4 9. Bxe4 c5 10. O-O cxd4 11. Nxd4 Be7 12. c3 O-O 13. Qf3 Qb6 14. b4
Rd8 15. Rfc1 a5 16. a3 a4 17. Ne2 Rb8 18. c4 Bd7 19. c5 Qa7 20. Rab1 f5 21. Bd3
Rbc8 22. Qe3 Bg5 23. f4 Bf6 24. Bc4 Kh7 25. Rd1 b5 26. cxb6 Qb7 27. Bxe6 Re8
28. Rxd7 Qxd7 29. Bxd7 Rxe3 30. Bxf5+ Kg8 31. Bxc8 Rxe2 32. b7 Bd4+ 33. Kf1 1-0

[Event "O pohár města Říčany 2017"]
[Site "Kulturni centrum Labut, 17. Listopadu 214 25101 Ricany"]
[Date "2017.08.27"]
[Round "3.18"]
[White "Laurincova, Kristyna"]
[Black "Blumel, Otto"]
[Result "1-0"]
[WhiteElo "1854"]
[BlackElo "2002"]
[PlyCount "0"]
[EventDate "2017.08.26"]

1. e4 c5 2. Nf3 Nf6 3. Nc3 Nc6 4. Bb5 d5 5. exd5 Nxd5 6. Bxc6+ bxc6 7. O-O Bg4
8. Re1 e6 9. h3 Bh5 10. Ne4 Be7 11. Ng3 Bg6 12. Ne5 Qc7 13. d3 Bd6 14. Nxg6 hxg6
15. Ne4 Rb8 16. Qf3 Rh5 17. g4 Bh2+ 18. Kh1 Rh8 19. Nxc5 Qa5 20. Be3 Bd6 21. Ne4
Be5 22. d4 Bf6 23. c4 Nxe3 24. Nxf6+ gxf6 25. Qxc6+ Kf8 26. Rxe3 Rxb2 27. Kg2
Qd2 28. Qf3 Qxd4 29. Rd1 Rd2 30. Rxd2 Qxd2 31. Rd3 Qb2 32. Rd8+ Kg7 33. Rxh8
Kxh8 34. Qa8+ Kg7 35. Qxa7 Qe2 36. Qa4 e5 37. c5 e4 38. Qb3 f5 39. gxf5 gxf5
40. Qg3+ Kf6 41. Qh4+ Ke6 42. Qf4 Kf6 43. Qh6+ Ke7 44. Qd6+ Ke8 45. Qe5+ Kd7
46. Qxf5+ Kc6 47. a4 1-0

[Event "O pohár města Říčany 2017"]
[Site "Kulturni centrum Labut, 17. Listopadu 214 25101 Ricany"]
[Date "2017.08.27"]
[Round "3.19"]
[White "Kronowetter, Borivoj"]
[Black "Bares, Jachym"]
[Result "0-1"]
[WhiteElo "1787"]
[BlackElo "1989"]
[PlyCount "0"]
[EventDate "2017.08.26"]

1. e4 e5 2. Nf3 Nc6 3. Bb5 f5 4. d4 fxe4 5. Nxe5 Nxe5 6. dxe5 c6 7. Be2 Qa5+
8. Bd2 Qxe5 9. Bh5+ Kd8 10. O-O Nf6 11. Bc3 Qg5 12. Bxf6+ gxf6 13. Nc3 Rg8
14. g3 f5 15. Be2 Kc7 16. f3 Bc5+ 17. Kg2 d5 18. Nxd5+ cxd5 19. Qxd5 f4 20. Qf7+
Kb8 21. fxe4 fxg3 22. h3 Bxh3+ 23. Kxh3 g2 24. Rg1 Qg3# 0-1

[Event "O pohĂˇr mÄ›sta ĹĂ­ÄŤany 2017"]
[Site "Kulturni centrum Labut, 17. Listopadu 214 25101 Ricany"]
[Date "2017.08.27"]
[Round "3.20"]
[White "Vavrinec, Tomas"]
[Black "Stork, Rostislav"]
[Result "1-0"]
[WhiteElo "1960"]
[BlackElo "1764"]
[PlyCount "0"]
[EventDate "2017.08.26"]

1. c4 c5 2. Nc3 Nc6 3. Nf3 g6 4. g3 Bg7 5. Bg2 e5 6. O-O Nge7 7. d3 O-O 8. Bg5
h6 9. Bxe7 Nxe7 10. Ne1 f5 11. Nc2 d6 12. Ne3 Rb8 13. Rb1 b6 14. a3 f4 15. Ned5
Nxd5 16. Bxd5+ Kh7 17. b4 Bh3 18. Bg2 Qd7 19. Qa4 Rf7 20. Qxd7 Bxd7 21. Bd5 Rff8
22. Kg2 fxg3 23. hxg3 Rfd8 24. Rb3 Bf8 25. Rfb1 Be7 26. a4 Rbc8 27. a5 cxb4
28. Rxb4 bxa5 29. Rb7 a6 30. Ra7 h5 31. Rbb7 1-0

[Event "O pohár města Říčany 2017"]
[Site "Kulturni centrum Labut, 17. Listopadu 214 25101 Ricany"]
[Date "2017.08.27"]
[Round "3.21"]
[White "Nemecek, Pavel"]
[Black "Skala, Jaromir"]
[Result "0-1"]
[WhiteElo "1750"]
[BlackElo "1942"]
[PlyCount "0"]
[EventDate "2017.08.26"]

1. e4 d5 2. exd5 Nf6 3. Nc3 Nxd5 4. Bc4 e6 5. Nf3 Be7 6. O-O O-O 7. d4 b6
8. Re1 Nxc3 9. bxc3 Bb7 10. Ne5 Nd7 11. Qg4 Nf6 12. Qh3 c5 13. Bxe6 fxe6
14. Qxe6+ Kh8 15. Re3 Qd5 16. Ng6+ hxg6 17. Rh3+ Nh7 18. Qxg6 Qxg2+ 19. Qxg2
Bxg2 20. Kxg2 Rf5 21. Be3 c4 22. Rg1 Raf8 23. Kf1 Kg8 24. Rhg3 R8f7 25. Ke1 Bh4
26. Rg4 Bf6 27. Kd2 Nf8 28. h4 Ne6 29. Rh1 Rh5 30. Re4 Nc7 31. Bf4 Nd5 32. Bd6
Bg5+ 33. hxg5 Rxh1 34. f4 Kh7 0-1

[Event "O pohár města Říčany 2017"]
[Site "Kulturni centrum Labut, 17. Listopadu 214 25101 Ricany"]
[Date "2017.08.27"]
[Round "3.22"]
[White "Otruba, Marek"]
[Black "Simak, Roman"]
[Result "1-0"]
[WhiteElo "1937"]
[BlackElo "1702"]
[PlyCount "0"]
[EventDate "2017.08.26"]

1. d4 f5 2. e4 fxe4 3. Nc3 Nf6 4. Bg5 g6 5. Bc4 Bg7 6. Nge2 c6 7. Bxf6 exf6
8. d5 d6 9. Nxe4 c5 10. Nf4 O-O 11. O-O f5 12. Nc3 Bxc3 13. bxc3 Bd7 14. Rb1 b6
15. Ne6 Qf6 16. Nxf8 Kxf8 17. Qd3 Be8 18. Bb5 Bf7 19. c4 1-0

[Event "O pohár města Říčany 2017"]
[Site "Kulturni centrum Labut, 17. Listopadu 214 25101 Ricany"]
[Date "2017.08.27"]
[Round "3.23"]
[White "Nemecek, Lukas"]
[Black "Koper, Stefan"]
[Result "0-1"]
[WhiteElo "1632"]
[BlackElo "1932"]
[PlyCount "0"]
[EventDate "2017.08.26"]

1. e4 b6 2. d4 Bb7 3. Nc3 e6 4. Nf3 Bb4 5. Bd3 Ne7 6. O-O d5 7. exd5 Nxd5
8. Nxd5 Bxd5 9. c3 Be7 10. Bf4 Nd7 11. Re1 h6 12. Nd2 Bg5 13. Bg3 h5 14. h3 Bf6
15. c4 Bb7 16. Nb3 Kf8 17. Be4 Bxe4 18. Rxe4 Be7 19. Rc1 c5 20. Re1 Kg8 21. Rc2
Rc8 22. Qe2 Bf6 23. d5 Nf8 24. Rd2 Qd7 25. Qf3 Qa4 26. Qd3 exd5 27. Qxd5 Re8
28. Rxe8 Qxe8 29. Kf1 h4 30. Re2 Ne6 31. Bd6 g6 32. Qf3 Bg7 33. Be5 Bxe5
34. Rxe5 Qa4 35. Qg4 Kg7 36. Nc1 Qc2 37. Re1 Rd8 38. b3 Rd4 39. Qe2 Rd2 40. Qe3
Rd1 41. Rxd1 Qxd1+ 42. Qe1 Qd4 43. Ne2 Qd3 44. Qc3+ Qxc3 45. Nxc3 Nf4 46. Ne2
Ne6 47. Nc3 Kf6 48. Ke2 Ke5 49. Nd5 g5 50. Ke3 f5 51. f3 b5 52. a3 Kd6 53. Nc3
bxc4 54. bxc4 a6 55. Nd5 Ke5 56. a4 a5 57. Ne7 Nd4 58. Nd5 Nc2+ 59. Ke2 Nb4
60. Ne3 Kf4 61. Kf2 Nd3+ 62. Ke2 Nb2 0-1

[Event "O pohár města Říčany 2017"]
[Site "Kulturni centrum Labut, 17. Listopadu 214 25101 Ricany"]
[Date "2017.08.27"]
[Round "3.24"]
[White "Vojta, Jakub"]
[Black "Jirousek, Tadeas"]
[Result "1-0"]
[WhiteElo "1930"]
[BlackElo "1584"]
[PlyCount "0"]
[EventDate "2017.08.26"]

1. e4 c5 2. Nf3 e6 3. d4 cxd4 4. Nxd4 Nc6 5. c4 a6 6. Nc3 Qc7 7. Be3 Nf6 8. Be2
Bd6 9. Qd2 Bb4 10. f3 b6 11. a3 Bxc3 12. Qxc3 Bb7 13. O-O O-O 14. Rfd1 Rac8
15. Rac1 Rfd8 16. Bg5 Nxd4 17. Qxd4 Qc5 18. e5 h6 19. Bxf6 Qxd4+ 20. Rxd4 gxf6
21. exf6 Rc5 22. Rcd1 Bc6 23. Rh4 h5 24. g4 hxg4 25. Rd4 Rg5 26. Rhxg4 Rxg4+
27. fxg4 b5 28. c5 Kh7 29. Bd3+ Kh6 30. h4 Rg8 31. g5+ Kh5 32. Be4 Rc8 33. Bxc6
Rxc6 34. b4 Rc7 35. Kf2 a5 36. Kf3 axb4 37. axb4 Ra7 38. Rf4 Ra4 39. Rd4 Ra7
40. Ke3 Ra3+ 41. Ke4 Kxh4 42. g6 fxg6 43. f7 Ra8 44. Rxd7 Kg5 45. c6 1-0

[Event "O pohár města Říčany 2017"]
[Site "Kulturni centrum Labut, 17. Listopadu 214 25101 Ricany"]
[Date "2017.08.27"]
[Round "3.25"]
[White "Hadzala, Daniel"]
[Black "Straka, Jaroslav"]
[Result "1/2-1/2"]
[WhiteElo "2116"]
[BlackElo "1897"]
[PlyCount "0"]
[EventDate "2017.08.26"]

1. Nf3 d5 2. g3 Nf6 3. Bg2 c6 4. O-O Bf5 5. d3 e6 6. Nbd2 Be7 7. Qe1 O-O 8. e4
dxe4 9. dxe4 Bg6 10. a3 Nbd7 11. e5 Nd5 12. Ne4 Qc7 13. c4 N5b6 14. Qe2 a5
15. Bf4 Bxe4 16. Qxe4 Nc5 17. Qc2 a4 18. Rae1 h6 19. g4 Rfd8 20. Re3 Nbd7 21. h4
Nf8 22. h5 Rd7 23. Rfe1 Qd8 24. Bf1 Ra6 25. Rc3 Rb6 26. Qc1 Rb3 27. g5 Rxc3
28. bxc3 Nd3 29. Bxd3 Rxd3 30. Kg2 hxg5 31. Nxg5 Bxg5 32. Bxg5 Qa5 33. Re3 Rxe3
34. Qxe3 Nd7 35. f4 Qb6 36. Qd2 Qc7 37. h6 Kh7 38. hxg7 Kxg7 39. Qd4 c5 40. Qf2
Qc6+ 41. Kh2 Qe4 42. Qg3 Qe2+ 43. Kh3 Qf1+ 44. Kh2 Qe2+ 45. Kh3 Qf1+ 46. Kh2
1/2-1/2

[Event "O pohár města Říčany 2017"]
[Site "Kulturni centrum Labut, 17. Listopadu 214 25101 Ricany"]
[Date "2017.08.27"]
[Round "3.26"]
[White "Vystrcil, Martin"]
[Black "Horyna, Josef"]
[Result "1/2-1/2"]
[WhiteElo "2038"]
[BlackElo "1814"]
[PlyCount "0"]
[EventDate "2017.08.26"]

1. e4 e6 2. d4 d5 3. Nd2 Nf6 4. e5 Nfd7 5. c3 c5 6. Bd3 Nc6 7. Ngf3 Be7 8. O-O
Qb6 9. dxc5 Nxc5 10. Bc2 Nd7 11. Re1 Qc7 12. Qe2 g5 13. h3 h5 14. Ba4 a6 15. Nd4
Nxd4 16. cxd4 b5 17. Bb3 Bb7 18. Nf3 Rg8 19. Bd2 Qb6 20. Qd3 Nf8 21. a4 Bc6
22. Rec1 Rc8 23. axb5 Qxb5 24. Qc2 Qb7 25. Ba4 Kd7 26. Ne1 Ng6 27. Bxc6+ Rxc6
28. Qxc6+ Qxc6 29. Rxc6 Kxc6 30. Rxa6+ Kb7 31. Ra1 Rc8 32. Rc1 Rxc1 33. Bxc1 f6
34. Nd3 Kc6 35. Be3 fxe5 36. dxe5 Kb5 37. b3 g4 38. hxg4 hxg4 39. Kh2 Bd8
40. Kg3 Bc7 41. Bd4 Ne7 42. Kxg4 Nc6 43. Ba1 Na5 44. Kg5 Nxb3 45. Bb2 Nd2
46. Kf6 Kc4 47. Nf4 Ne4+ 48. Kxe6 Nxf2 49. Nxd5 Bd8 50. Nf6 Nd3 51. Ba1 Nf4+
52. Kd7 Ba5 53. g4 Bb4 54. e6 Ng6 55. Ng8 Nf8+ 56. Ke8 Nxe6 57. Kf7 Ng5+ 58. Kf6
1/2-1/2

[Event "O pohár města Říčany 2017"]
[Site "Kulturni centrum Labut, 17. Listopadu 214 25101 Ricany"]
[Date "2017.08.27"]
[Round "3.27"]
[White "Postupa, Pavel"]
[Black "Konvalinka, Vladislav"]
[Result "1-0"]
[WhiteElo "1984"]
[BlackElo "1764"]
[PlyCount "0"]
[EventDate "2017.08.26"]

1. e4 e6 2. d4 d5 3. Nd2 Nf6 4. e5 Nfd7 5. Bd3 c5 6. c3 Nc6 7. Ne2 cxd4 8. cxd4
f6 9. Nf4 Qe7 10. exf6 Qxf6 11. Nf3 Bb4+ 12. Kf1 O-O 13. Be3 Qe7 14. h4 Bd6
15. Bxh7+ Kxh7 16. Ng5+ Kg8 17. Ng6 Qf6 18. Qh5 1-0

[Event "O pohár města Říčany 2017"]
[Site "Kulturni centrum Labut, 17. Listopadu 214 25101 Ricany"]
[Date "2017.08.27"]
[Round "3.28"]
[White "Paulovic, Milan"]
[Black "Hadrava, Jaroslav"]
[Result "1-0"]
[WhiteElo "1781"]
[BlackElo "1964"]
[PlyCount "0"]
[EventDate "2017.08.26"]

1. e4 e5 2. Nf3 Nc6 3. Nc3 Nf6 4. Bb5 Bc5 5. O-O d6 6. h3 a6 7. Bxc6+ bxc6
8. d4 exd4 9. Nxd4 Bd7 10. Bg5 h6 11. Bh4 g5 12. Bg3 h5 13. Re1 h4 14. Bh2 Nh5
15. e5 Kf8 16. e6 fxe6 17. Nxe6+ Bxe6 18. Rxe6 Qd7 19. Qg4 Re8 20. Qf5+ Qf7
21. Rxe8+ Kxe8 22. Qc8+ Ke7 23. Re1+ Kf6 24. Qxh8+ Kg6 25. Nd1 Ng7 26. Qa8 Qd7
27. Qxa6 g4 28. Qd3+ Kf7 29. Qc4+ Ne6 30. Qxg4 1-0

[Event "O pohár města Říčany 2017"]
[Site "Kulturni centrum Labut, 17. Listopadu 214 25101 Ricany"]
[Date "2017.08.27"]
[Round "3.29"]
[White "Otrubova, Kristyna"]
[Black "Kunc, Jan"]
[Result "0-1"]
[WhiteElo "1758"]
[BlackElo "1937"]
[PlyCount "0"]
[EventDate "2017.08.26"]

1. d4 Nf6 2. c4 g6 3. f3 Bg7 4. e4 d6 5. Nc3 O-O 6. Be3 Nbd7 7. Qd2 c5 8. d5 a6
9. a4 Qa5 10. Nge2 Ne5 11. Ng3 b5 12. cxb5 Rb8 13. Be2 axb5 14. Bxb5 Ba6 15. O-O
Nc4 16. Bxc4 Bxc4 17. Rfb1 Rfc8 18. Bh6 Bh8 19. Nf1 Rb7 20. Ne3 Ba6 21. Nc2 Nd7
22. Ra3 Ne5 23. Ne3 Rcb8 24. f4 Nd3 25. Ned1 Bd4+ 26. Kh1 Qb4 27. Qc2 Nxb2
28. Raa1 Qc4 29. Rxb2 Qf1# 0-1